Perceived partenting style as a correlate of self-confidence, hope and inspiration among adolescents (Record no. 126050)

MARC details
000 -LEADER
fixed length control field 00397nam a2200145Ia 4500
008 - FIXED-LENGTH DATA ELEMENTS--GENERAL INFORMATION
fixed length control field 230917s9999||||xx |||||||||||||| ||und||
040 ## - CATALOGING SOURCE
-- 210083
Original cataloging agency VIVEKANANDA LIBRARY
041 ## - Language
-- English
082 ## - DDC NUMBER
Classification number 155.5 G271P
100 ## - MAIN ENTRY--PERSONAL NAME
Personal name Geetanjali
245 #0 - TITLE STATEMENT
Title Perceived partenting style as a correlate of self-confidence, hope and inspiration among adolescents
260 ## - PUBLICATION, DISTRIBUTION, ETC. (IMPRINT)
Date of publication, distribution, etc 2010
300 ## - PHYSICAL DESCRIPTION
Pages 62 p.
942 ## - ADDED ENTRY ELEMENTS (KOHA)
Koha item type Thesis
Holdings
Withdrawn status Lost status Damaged status Not for loan Location (home branch) Sublocation or collection (holding branch) Date acquired Koha issues (times borrowed) Koha full call number Accession No. Koha date last seen Koha item type
        VIVEKANANDA LIBRARY VIVEKANANDA LIBRARY 13/09/2013   155.5 G271P 222004 17/09/2023 Thesis
© Designed and Maintained by Vivekananda Library, MDU Rohtak